| 000 | 00591nam a2200193Ia 4500 | ||
|---|---|---|---|
| 005 | 20250923144657.0 | ||
| 008 | 008 250917s9999 xx 000 0 eng d | ||
| 037 | _aTextual | ||
| 040 |
_aDSWL _beng _cDSWL |
||
| 041 |
_aeng _2eng |
||
| 084 |
_aV262:1:M3g, J9 _qDSWL |
||
| 245 | 4 |
_aThe days of John company selections from Calcutta Gazette, 1824-1832 _cEd. by Anil Gupta |
|
| 260 |
_aCalcutta _b West Bengal Govt. Press _c1959 |
||
| 365 |
_aINR _b11 |
||
| 700 |
_aEd. Chandra Das _9827280 |
||
| 925 | _g11 | ||
| 942 |
_cTEXL _hV262:1:M3g, J9 |
||
| 999 |
_c1441934 _d1441934 |
||